Complejidad y Capital Intelectual. Procesos concomitantes

Detalles Bibliográficos
Autor principal: Ramr̕ez Rojas, Octavio
Formato: eBook
Lenguaje:español
Publicado: Bogot:̀ Ediciones de la U, 2020
Materias:
Acceso en línea:Acceso restringido

MARC

LEADER 00000nam a22000007a 4500
005 2022092001461.0
007 cr|||| |||
008 220920s2020 co |||||s|||| 00||0 spa d
020 |a 978-958-792-277-6 
035 |a 37242 
040 |a vLex 
090 |c 13996  |d 13996 
100 1 |a Ramr̕ez Rojas, Octavio 
245 1 0 |a Complejidad y Capital Intelectual. Procesos concomitantes  |h [Recurso electrn̤ico] /  |c Octavio Ramr̕ez Rojas 
256 |a Servicio en ln̕ea 
260 |a Bogot:̀  |b Ediciones de la U,  |c 2020 
300 |a 1 recurso electrn̤ico 
506 1 |a Disponible solo en los productos indicados  |d vLex Global  |d vLex Global (Academic Edition, excluding Law Schools)  |d vLex Global (U.S. Academic Edition, Law Schools)  |d vLex Global (U.S. Academic Edition, excluding Law Schools)  |d vLex Global (Academic Edition, Law Schools) 
650 0 4 |a Economa̕ y negocios  |z Colombia 
740 0 |a vLex Libros (Servicio en ln̕ea) 
856 4 0 |u https://app.vlex.com/#/sources/37242  |z Acceso restringido 
942 |c BOOK 
999 0 |a Economy and business